Catalog

Record Details

Catalog Search



"Ich war der Kronprinz von Heydrich"  Cover Image Book Book

"Ich war der Kronprinz von Heydrich" / Dan Bar-On ; Hans-Georg Wiedemann ; Christa Schmidt, Andreas Wiedemann

Bar-On, Dan, 1938-2008 (Added Author). Wiedemann, Hans-Georg, 1936- (Compiler). Schmidt, Christa (Added Author). Wiedemann, Andreas, 1970- (Added Author).

Summary:

Publikace zaznamenává vzpomínky Petera Thomase Heydricha, herce, šansoniéra a politického kabaretiéra, synovce německého nacistického politika a zastupujícího říšského protektora Reinharda Heydricha.

Record details

  • ISBN: 978-3-7831-2710-2
  • Physical Description: 151 stran : ilustrace ; 21 cm
  • Publisher: Stuttgart : Kreuz Verlag, © 2006
Subject: Heydrich, Peter Thomas, 1931-2003
Heydrich, Reinhard, 1904-1942

Available copies

  • 1 of 1 copy available at Common Catalog SPOK.

Holds

  • 0 current holds with 1 total copy.
Show Only Available Copies
Location Call Number / Copy Notes Barcode Shelving Location Status Due Date
Terezin Initiative Institute 5240 4594305240 Knihovna ITI Available -

LDR 01207nam a2200277 a 4500
00150422
003CZ-PrJAB
00520220728110119.0
008160901s2006 gw | ger
020 . ‡a978-3-7831-2710-2
035 . ‡a(CZ PrSKC)4273765
040 . ‡aABG001 ‡bcze ‡cABG001
24500. ‡a"Ich war der Kronprinz von Heydrich" / ‡cDan Bar-On ; Hans-Georg Wiedemann ; Christa Schmidt, Andreas Wiedemann
24615. ‡aIch war der Kronprinz von Heydrich
260 . ‡aStuttgart : ‡bKreuz Verlag, ‡c© 2006
300 . ‡a151 stran : ‡bilustrace ; ‡c21 cm
4901 . ‡aKreuz Biografie
520 . ‡aPublikace zaznamenává vzpomínky Petera Thomase Heydricha, herce, šansoniéra a politického kabaretiéra, synovce německého nacistického politika a zastupujícího říšského protektora Reinharda Heydricha.
60017. ‡aHeydrich, Peter Thomas, ‡d1931-2003 ‡7xx0129676 ‡2czenas
60017. ‡aHeydrich, Reinhard, ‡d1904-1942 ‡7jn20000700709 ‡2czenas
7001 . ‡aBar-On, Dan, ‡d1938-2008 ‡7jn20021213004
7001 . ‡aWiedemann, Hans-Georg, ‡d1936- ‡7skuk0005919 ‡4com
7001 . ‡aSchmidt, Christa
7001 . ‡aWiedemann, Andreas, ‡d1970- ‡7jn20011210058
910 . ‡aABE340 ‡b5240
995 . ‡aska
901 . ‡a50422 ‡bAUTOGEN ‡c50422 ‡tbiblio

Additional Resources